| 000 | 02229cam a22004814i 4500 | ||
|---|---|---|---|
| 003 | PE-LiUPU | ||
| 005 | 20250731180112.0 | ||
| 008 | 150623s1991 sp a rb 000 0 sp d | ||
| 035 | _a(Sirsi) a24075 | ||
| 040 |
_aPE-LiUPU _bspa _cPE-LiUPU _erda |
||
| 082 | 0 | 4 |
_a574.192 _bG25 _221 |
| 100 | 1 |
_aGarrido Pertierra, Armando, _eautor. |
|
| 245 | 1 | 0 |
_aFundamentos de química biológica / _cArmando Garrido Pertierra. |
| 264 | 1 |
_aMadrid : _bMcGraw-Hill Interamericana de España, _c1991. |
|
| 300 |
_a752 páginas : _bilustraciones, gráficos ; _c23 cm. |
||
| 336 |
_atext _2rdacontent |
||
| 337 |
_aunmediated _2rdamedia |
||
| 338 |
_avolume _2rdacarrier |
||
| 504 | _aIncluye bibliografía. | ||
| 505 | 0 | _aGeneralidades. -Partículas elementales y mecanica cuantica. -Clasificación periodica de los elementos. -Quimica nuclear. -El enlace quimico. Enlaces fuertes. -Enlace quimico. enlaces debiles. -Solidos y liquidos. -Gases. -Termodinamica quimica. -Cinetica quimica. -Disoluciones. -Reacciones quimicas en solucion acuosa. -Electroquimica. -Tecnicas quimicas en el estudio de los procesos biologicos. -Quimica organica. -Hidrocarburos y haluros. -Compuestos aromaticos. -Estereoquimica. -Alcoholes, fenoles, eteres y tioles. -Aminas y nitrilos. -Acidos carboxilicos y sus derivados. -Aldehidos y cetonas. -Glicidos. -Naturaleza quimica de losa polipeptidos. -Lipidos. -Introducción al metabolismo. | |
| 526 | _aSEG44 | ||
| 526 | _aSEG26 | ||
| 526 | _aP159 | ||
| 526 | _aP155 | ||
| 526 | _aP154 | ||
| 526 | _aP153 | ||
| 526 | _aP150 | ||
| 526 | _aP100 | ||
| 526 | _aP31 | ||
| 526 | _aP30 | ||
| 526 | _aP26 | ||
| 526 | _aP25 | ||
| 526 | _aP24 | ||
| 526 | _aP22 | ||
| 526 | _aP15 | ||
| 526 | _aP10 | ||
| 650 | 0 | 4 |
_aBioquímica _vTratados, manuales, etc. |
| 942 |
_2ddc _cBOOK |
||
| 949 |
_a574.192 G25 _wDEWEY _c1 _i48333 _lCCODEBUL1 _mBUL _p00.00 _r0 _sY _tBOOK _u2015-06-24 _xINGENIERIA _zUNKNOWN _0COMPRA _o.STAFF. Colección General |
||
| 596 | _a1 | ||
| 999 |
_a574.192 G25 _wDEWEY _c26433 _i48333 _d26433 _f2021-11-5 _g7 _lCCODEBUL1 _mBUL _p40.00 _q4 _r0 _sN _tBOOK _u2015-6-24 _xBIBLIOTECA _zUNKNOWN _0COMPRA _o.STAFF. Colección Ingeniería y Arquitectura |
||
| 980 |
_81 _gALBERTO SANCHEZ Responsable de Automatización |
||